000 01451cam a2200313 i 4500
001 17918491
005 20190301171517.0
008 190225s2014 nyu b 001 0 eng d
010 _a 2013042212
020 _a9781462513987
020 _a9781462527731
040 _aCO-BoUCM
_bspa
_cSaul Niño
_dSaul Niño
041 _aeng
060 _aWM 425.5.C6
100 1 _aPollak, Susan
_995612
245 1 0 _aSitting together
_bessential skills for mindfulness-based psychotherapy
_cSusan M. Pollak, Thomas Pedulla, Ronald D. Siegel
260 _aNew York
_bThe Guilford Press
_c[2014]
300 _axv, 240 páginas
505 0 _aBringing mindfulness into psychotherapy -- Becoming a mindful therapist -- Cultivating mindfulness in the therapeutic relationship -- Concentration practice : focusing the mind -- Open monitoring : expanding the mind -- Loving-kindness and compassion practice: engaging the heart -- Equanimity practice : finding balance -- Making mindfulness accessible -- The art of sequencing -- Beyond symptom relief : deepening mindfulness.
546 _aTexto en inglés
650 7 _aTerapia cognitiva
_9404
650 7 _aMeditación
_xUso terapéutico
_919254
650 7 _aConciencia (Psicología)
_911456
650 7 _aPsicoterapia
_922877
700 1 _aPedulla, Thomas
_995613
700 1 _aSiegel, Ronald D.
_995614
942 _2NLM
_a26
_cLIBRORESER
_e1
_hWM 425.5C6
_mP771s
999 _c311556
_d311556